LIBRARY & INFORMATION CENTRE, KCAET, TAVANUR

ONLINE PUBLIC ACCESS CATALOGUE (OPAC)

Principles of seed technology (Record no. 13947)

MARC details
000 -LEADER
fixed length control field 00263nam a22001097a 4500
020 ## - INTERNATIONAL STANDARD BOOK NUMBER
ISBN 9789327216103
082 ## - DEWEY DECIMAL CLASSIFICATION NUMBER
Classification number 631.521
Item number KUL/PR
100 ## - MAIN ENTRY--AUTHOR NAME
Personal name Kulkarni, G.N
245 ## - TITLE STATEMENT
Title Principles of seed technology
260 ## - PUBLICATION, DISTRIBUTION, ETC. (IMPRINT)
Place of publication Ludhiana
Name of publisher Kalyani Publishers
Year of publication 2011
942 ## - ADDED ENTRY ELEMENTS (KOHA)
Koha item type Books
Holdings
Withdrawn status Lost status Damaged status Collection code Home library Current library Shelving location Date acquired Source of acquisition Cost, normal purchase price Full call number Accession Number Koha item type
      Non-fiction KAUAET KAUAET General Stacks 30/03/2013 Minerva Books 295.00 631.521 KUL/PR 23791 Books
free website counter